| 000 | 01303nam a22002417a 4500 | ||
|---|---|---|---|
| 005 | 20220105145459.0 | ||
| 008 | 220105b ||||| |||| 00| 0 eng d | ||
| 040 | _cAL | ||
| 041 | _aeng | ||
| 082 |
_223 _a294.34 _bYESW |
||
| 100 |
_aLama Yeshe _912493 |
||
| 110 |
_aZopa Rinpoche _912487 |
||
| 245 | _aWisdom Energy: Basic Buddhist Teachings | ||
| 260 |
_aNew Delhi: _bTimeless Books, _c1994. |
||
| 300 |
_a151 p. _bPB _c21x14 cm. |
||
| 520 | _aWisdom Energy is a simple and compelling introduction to Buddhism by two Tibetan lamas renowned for their insight and skill in teaching Westerners. Containing an entire meditation course, it goes to the heart of basic Buddhist practice and discusses the meaning and purpose of meditation, the causes of dissatisfaction and unhappiness, and the methods for subduing them and gaining control over our minds and lives. Originally published in 1976, Wisdom Energy still preserves the power, humor, and directness of the lamas's first teaching tour of North America, giving the reader the feeling of an intimate audience with two highly respected teachers. | ||
| 650 |
_aHinduism _912488 |
||
| 650 |
_aMeditation _912489 |
||
| 650 |
_aSpiritual Practice _912490 |
||
| 700 |
_aYESHE (Lama) _912491 |
||
| 700 |
_aRINPOCHE (Zopa) _912492 |
||
| 942 |
_2ddc _cGF |
||
| 999 |
_c221081 _d221081 |
||